000 00632 a2200193 4500
001 60959
005 20260407155859.0
008 260407a1964 arg spa d
003 AR-UNSa-BCEJYS
040 _aAR-UNSa-BCEJYS
_bspa
_cAR-UNSa-BCEJYS
080 _a35.077.3
_xProcedimiento administrativo (licitación pública...)
245 1 0 _aLa revisión de la Ley de procedimiento administrativo
264 1 _aMadrid :
_bCFYPF (Centro de Formación y Perfeccionamiento de Funcionarios)
_c1964
300 _a77 p.
_c21 cm.
041 _aspa
942 _cBK
590 _aniveau_biblio:m niveau_hierar:0
100 1 _aGuaita, Aurelio
999 _c7149
_d7149